| 000 | 00627nam a2200229Ia 4500 | ||
|---|---|---|---|
| 003 | OSt | ||
| 005 | 20220926043242.0 | ||
| 006 | a|||||r|||| 00| 0 | ||
| 007 | ta | ||
| 008 | 220923b |||||||| |||| 00| 0 eng d | ||
| 037 | _cGeneral Book | ||
| 040 |
_aRTL _cRTL _beng |
||
| 041 |
_2eng _aeng |
||
| 082 | _aY, K7 | ||
| 100 | _aChattopadhyaya Debiprasad | ||
| 245 | 0 |
_aIndividuals and societies _b A methodlogical inquiry |
|
| 260 | _c1967 | ||
| 490 | _aUniversity of London, theses, 1963 | ||
| 650 | _aEssays Sociology | ||
| 942 |
_hY, K7 _cGB _2CC |
||
| 999 |
_c671875 _d671875 |
||